000 00726nam a2200253Ia 4500
003 OSt
005 20220928130111.0
006 a|||||r|||| 00| 0
007 ta
008 220927b |||||||| |||| 00| 0 eng d
020 _a9780691212265
_cUSD 18.95
024 _a145680
037 _b5909, 21/12/2021, Excel Media
_cTextual
040 _aSDCL
_cSDCL
_beng
041 _2eng
_aeng
082 _aR:(A), Q9
100 _aOreskes Naomi
_9472752
245 0 _aWhy trust science?
260 _aNew Jersey
_bPrinceton University Press
_c2019
300 _axx,360p.
_ccm.
650 _aPhilosophy
942 _hR:(A), Q9
_cTEXL
_2CC
999 _c785299
_d785299